000 00467nam a2200181Ia 4500
001 23741
005 20260414150957.0
008 260414t2014||||xx |||||||||||||| ||spa||
041 _aESP
082 _a701.8
_bE36
100 _aElam, Kimberly
_eAUT
245 0 _aLa geometría del diseño :
_bestudio sobre la proporción y la composición
260 _c2014
300 _a143 páginas :
_c21 cm.
650 _aABD
654 _aCAU
942 _cLIB
_dJUS
_fJUS
_2ddc
_n
999 _c23741
_d23741